00990nam a2200217 a 450000100100000000500170001000800410002704000250006808200160009310000280010924000460013724501200018326000740030330000210037750000270039850400310042559000760045670000360053295201870056899900170075500003519220200930074151.0111025s1965 mx 000 0 spa d aDO-SdBNPbspacBNPHU axxxxbS638s1 aSmelser, Neil J.96092310aThe sociology of economic lifelEspañol10aSociología de la vida económica. /cNeil J. Smelser ; traducción al español por el prof. Armando Huacuja E. aMéxico :bUnión Tipográfica Editorial Hispano Americana,c1965. a246 p. ;c18 cm. aTraducido del inglés aBibliografía : p.238-240 aPerteneció a la biblioteca personal de Juan Isidro Jimenes Grullón.1 aHuacuja E., Armandoetr.960924 001050718MOaGRbGRcCTd2011-10-25iLF1l0oxxxx S638sp35192-10r2020-06-25w2020-06-25y1zPerteneció a la biblioteca personal de Juan Isidro Jimenes GrullónZNo se presta c34683d34683